A business planning manual (Record no. 59250)

MARC details
000 -LEADER
fixed length control field 00590nam a22001817a 4500
005 - DATE AND TIME OF LATEST TRANSACTION
control field 20221108100331.0
040 ## - CATALOGING SOURCE
Transcribing agency urs
050 ## - LIBRARY OF CONGRESS CALL NUMBER
Classification number HD 30.28 C89 2005
100 ## - MAIN ENTRY--PERSONAL NAME
9 (RLIN) 2896
Personal name Cuyugan, Jorge H.
Relator term author
245 ## - TITLE STATEMENT
Title A business planning manual
Remainder of title a project feasibility study guidebook for Filipino students and entrepreneurs
Statement of responsibility, etc Jorge H. Cuyugan
260 ## - PUBLICATION, DISTRIBUTION, ETC. (IMPRINT)
Place of publication, distribution, etc s.l.
Name of publisher, distributor, etc Bright Concepts
Date of publication, distribution, etc 2005
336 ## - CONTENT TYPE
Source rdacontent
Content type term text
Content type code txt
337 ## - MEDIA TYPE
Source rdamedia
Media type term unmediated
Media type code n
338 ## - CARRIER TYPE
Source rdacarrier
Carrier type term volume
Carrier type code nc
650 #0 - SUBJECT ADDED ENTRY--TOPICAL TERM
9 (RLIN) 2897
Topical term or geographic name as entry element Business planning
650 #0 - SUBJECT ADDED ENTRY--TOPICAL TERM
9 (RLIN) 2898
Topical term or geographic name as entry element Entrepreneurship
942 ## - ADDED ENTRY ELEMENTS (KOHA)
Source of classification or shelving scheme Library of Congress Classification
Koha item type Filipiniana
Holdings
Withdrawn status Lost status Source of classification or shelving scheme Damaged status Not for loan Home library Current library Shelving location Date acquired Total Checkouts Full call number Barcode Date last seen Price effective from Koha item type
    Library of Congress Classification     Binangonan College Library Binangonan College Library Filipiniana Section 11/08/2022   HD 30.28 C89 2005 URSBIN-1656 11/08/2022 11/08/2022 Filipiniana
    Library of Congress Classification     Binangonan College Library Binangonan College Library   11/08/2022   HD 30.28 C89 2005 URSBIN-1657 11/08/2022 11/08/2022 Filipiniana
    Library of Congress Classification     Binangonan College Library Binangonan College Library   11/08/2022   HD 30.28 C89 2005 URSBIN-1655 11/08/2022 11/08/2022 Filipiniana
    Library of Congress Classification     Binangonan College Library Binangonan College Library   11/08/2022   HD 30.28 C89 2005 URSBIN-1658 11/08/2022 11/08/2022 Filipiniana

University of Rizal System
Email us at univlibservices@urs.edu.ph

Visit our Website www.urs.edu.ph/library